Reading & literature : (Record no. 1817)
[ view plain ]
| 000 -LEADER | |
|---|---|
| fixed length control field | 00676nam a2200181 4500 |
| 001 - CONTROL NUMBER | |
| control field | 2284 |
| 005 - DATE AND TIME OF LATEST TRANSACTION | |
| control field | 20181127164900.0 |
| 020 00 - INTERNATIONAL STANDARD BOOK NUMBER | |
| International Standard Book Number | 9993602361 |
| 090 00 - LOCALLY ASSIGNED LC-TYPE CALL NUMBER (OCLC); LOCAL CALL NUMBER (RLIN) | |
| Classification number (OCLC) (R) ; Classification number, CALL (RLIN) (NR) | 808.0427 M6653e 2008 |
| 110 ## - MAIN ENTRY--CORPORATE NAME | |
| Corporate name or jurisdiction name as entry element | Curriculum and Professional Support Division (CAPSD), Department of School Education, Ministry of Education. |
| Subordinate unit | |
| Location of meeting | |
| Date of meeting or treaty signing | |
| Relator term | |
| Number of part/section/meeting | |
| Name of part/section of a work | |
| 245 00 - TITLE STATEMENT | |
| Title | Reading & literature : |
| Remainder of title | Essay, drama, poetry, short story / |
| Statement of responsibility, etc. | CAPSD. |
| Medium | |
| 250 00 - EDITION STATEMENT | |
| Edition statement | 1st edition. |
| 260 00 - PUBLICATION, DISTRIBUTION, ETC. | |
| Place of publication, distribution, etc. | Thimphu : |
| Name of publisher, distributor, etc. | Curriculum and Professional Support Division, Ministry of Education, |
| Date of publication, distribution, etc. | 2008. |
| 300 00 - PHYSICAL DESCRIPTION | |
| Extent | xxxiii,199 p. |
| 500 ## - GENERAL NOTE | |
| General note | "English Class XII" |
| 650 00 - SUBJECT ADDED ENTRY--TOPICAL TERM | |
| Topical term or geographic name entry element | Literature --Study and teaching. |
| General subdivision | |
| Topical term or geographic name entry element | Readers (Secondary). |
| General subdivision | |
| Withdrawn status | Lost status | Source of classification or shelving scheme | Damaged status | Not for loan | Collection code | Home library | Current library | Shelving location | Serial Enumeration / chronology | Inventory number | Total Checkouts | Full call number | Barcode | Date last seen | Price effective from | Koha item type |
|---|---|---|---|---|---|---|---|---|---|---|---|---|---|---|---|---|
| Dewey Decimal Classification | Main TEST | RTC Library | RTC Library | Main opac | 1722 | 808.042 MIN | 30001205 | 27/11/2018 | 27/11/2018 | Main |